| 000 | 00691nam a2200217Ia 4500 | ||
|---|---|---|---|
| 005 | 20241129105807.0 | ||
| 008 | 241129s9999||||xx |||||||||||||| ||und|| | ||
| 020 | _a978-81-316-1234-7 | ||
| 037 | _aTB | ||
| 040 |
_aARTS _beng _cARTS |
||
| 041 |
_aeng _2eng |
||
| 084 |
_aY72.29W R2 _qARTS |
||
| 100 |
_aKokho K. Ed.; Kaisu Athikho Ed.; Neli Daili Ed. _9724760 |
||
| 245 | 0 |
_aTribes of North East India: orality, migration and epistemology _cKokho K. Ed.; Kaisu Athikho Ed.; Neli Daili Ed. |
|
| 260 |
_aJaipur, India _bRawat Publications _c2021 |
||
| 300 | _aix,215p. | ||
| 365 |
_aINR _b1100 |
||
| 650 | _aSociology | ||
| 942 |
_cTB _hY72.29W R2 |
||
| 999 |
_c1225968 _d1225968 |
||